The Indian Contract Act, 1872 / (Record no. 83871)

MARC details
000 -LEADER
fixed length control field 00614nam a22002177a 4500
005 - DATE AND TIME OF LATEST TRANSACTION
control field 20161116145732.0
010 ## - LCCN (DPL NO)
LC control number ENG-109893
020 ## - INTERNATIONAL STANDARD BOOK NUMBER
Terms of availability 2345.00
International Standard Book Number 9789351431046
035 ## - SYSTEM CONTROL NUMBER
System control number EN-93426
037 ## - SOURCE OF ACQUISITION
Source of stock number/acquisition DBAD/PUB
100 ## - MAIN ENTRY--PERSONAL NAME
Personal name Pollock
245 00 - TITLE STATEMENT
Title The Indian Contract Act, 1872 /
Statement of responsibility, etc by Pollock [and] Mulla
250 ## - EDITION STATEMENT
Edition statement 14th ed
260 ## - PUBLICATION, DISTRIBUTION, ETC. (IMPRINT)
Place of publication, distribution, etc Gurgaon
Name of publisher, distributor, etc Lexis Nexis
Date of publication, distribution, etc 2014
270 ## - ADDRESS
Address 14th Floor, Bldg. No.10, Tower-B, DLF Cyber City, Phase-II
City Gurgaon
Postal code 122002
300 ## - PHYSICAL DESCRIPTION
Extent cccviii,1902p.
Dimensions 24cm(Hb)
500 ## - GENERAL NOTE
General note Includes index
700 ## - ADDED ENTRY--PERSONAL NAME
Personal name Mulla
700 ## - ADDED ENTRY--PERSONAL NAME
Personal name Bhadbhade, Nilima
942 ## - ADDED ENTRY ELEMENTS (KOHA)
Source of classification or shelving scheme Dewey Decimal Classification
Item type English Books
Call number suffix POL
Holdings
Withdrawn status Lost status Not for loan Collection code Home library Current library Date acquired Source of acquisition Cost, normal purchase price Full call number Barcode Copy number Cost, replacement price Koha item type
    Not For Loan Non-fiction D.B.Act.Division D.B.Act.Division 29/04/2014 DBAD / PUB 2345.00 POL EN-93426 1 2345.00 English Books

© Delhi Public Library
Hit Counter
free hit counter